000 00413nam a22001697a 4500
003 MPLRDC
005 20220104114725.0
008 210129b ||||| |||| 00| 0 eng d
020 _a957-587-025-5
082 _a209 WEF
100 _a吴恩溥、龚天民等合著
245 _a世界五大宗教
_c
260 _a
_b圣文社
_c
300 _b
650 _a宗教史及宗教事情
942 _cBK
_o209 WEF
999 _c9733
_d9723